00358nam a2200145Ia 4500003000500000008004100005020001800046040001900064082000700083100001900090245005000109260003300159300000800192546001200200STCL181203s9999 xx 000 0 und d a9788126511464 aSTCLbENcSTCL 222 aWarren, Stuart 0aOrganic Synthesis: The Disconnection Approach bWiley IndiaaNew Delhic2013 a390 aEnglish